|
|
|
|
| LEADER |
00816nab a2200241 i 4500 |
| 001 |
misc62729 |
| 005 |
20230110091406.0 |
| 008 |
220429s1959 hu o 0|| ger d |
| 040 |
|
|
|a SZTE Miscellanea Repozitórium
|b hun
|
| 041 |
|
|
|a ger
|
| 100 |
1 |
|
|a Joki Aulis Johannes
|
| 245 |
1 |
0 |
|a Tunguse - "Pomback"
|h [elektronikus dokumentum] /
|c Joki Aulis Johannes
|
| 260 |
|
|
|a [Munksgaard]
|b [Copenhagen]
|c 1959
|
| 300 |
|
|
|a 123-127
|c 25 cm
|
| 300 |
|
|
|a [5] p.
|c 25 cm
|
| 490 |
0 |
|
|a Studia Serica : Bernhard Karlgren dedicata
|
| 561 |
|
|
|a Németh Gyula hagyaték
|
| 591 |
|
|
|a NOA 2502
|
| 650 |
|
4 |
|a Bölcsészettudományok
|
| 650 |
|
4 |
|a Történettudomány és régészet
|
| 650 |
|
4 |
|a Nyelvek és irodalom
|
| 695 |
|
|
|a Tunguzok története
|
| 856 |
4 |
0 |
|u http://misc.bibl.u-szeged.hu/62729/1/2502_noa_j69.pdf
|z Dokumentum-elérés
|